[Event "Samara Polugaevsky Memorial 9th"]
[Site "Samara"]
[Date "2019.07.16"]
[Round "7"]
[White "Shaposhnikov, Evgeny"]
[Black "Sidorov, Anatoly"]
[Result "1-0"]
[WhiteElo "2575"]
[BlackElo "2321"]
[PlyCount "37"]
[EventDate "2019.07.10"]
[EventType "swiss"]
[EventRounds "9"]
[EventCountry "RUS"]
[SourceTitle "EXT 2020"]
[Source "ChessBase"]
[SourceDate "2019.10.17"]
[SourceVersion "1"]
[SourceVersionDate "2019.10.17"]
[SourceQuality "1"]

1. Nf3 g6 2. e4 Bg7 3. d4 d6 4. Nc3 c6 5. a4 a5 6. h3 Qb6 7. Bc4 Nd7 8. 0-0 e5 9. Be3 exd4 10. Nxd4 Qc7 11. Ndb5 cxb5 12. Nxb5 Qd8 13. Nxd6+ Kf8 14. Nxf7 Qe7 15. e5 Nxe5 16. Bc5 Nxf7 17. Qf3 Bf5 18. Bxe7+ Nxe7 19. Bxf7 1-0

[Event "Samara Polugaevsky Memorial 8th"]
[Site "Samara"]
[Date "2018.07.17"]
[Round "8"]
[White "Shinkevich, Vitaly"]
[Black "Sidorov, Anatoly"]
[Result "1-0"]
[WhiteElo "2432"]
[BlackElo "2302"]
[PlyCount "87"]
[EventDate "2018.07.10"]
[EventType "swiss"]
[EventRounds "9"]
[EventCountry "RUS"]
[SourceTitle "CBM 185 Extra"]
[Source "ChessBase"]
[SourceDate "2018.07.29"]
[SourceVersion "1"]
[SourceVersionDate "2018.07.29"]
[SourceQuality "1"]

1. d4 Nf6 2. Nf3 e6 3. c4 b6 4. a3 d5 5. cxd5 exd5 6. Nc3 Bb7 7. g3 a6 8. Bg2 Bd6 9. 0-0 0-0 10. Bf4 Re8 11. Rc1 Nbd7 12. e3 Rc8 13. Bxd6 cxd6 14. Qb3 b5 15. a4 Bc6 16. axb5 axb5 17. Nd2 Ne4 18. Ndxe4 dxe4 19. Bh3 Rb8 20. Na2 Ba8 21. Nb4 Nf6 22. Rc2 Qb6 23. Rfc1 Rf8 24. Nc6 Bxc6 25. Rxc6 Qd8 26. Qb4 d5 27. Rc8 Rxc8 28. Rxc8 Qxc8 29. Bxc8 Rxc8 30. Qxb5 h5 31. h3 Kf8 32. b4 Rc1+ 33. Kg2 Ke7 34. Qb7+ Ke6 35. b5 Ne8 36. Qb8 Nd6 37. Qh8 g6 38. Qe5+ Kd7 39. Qxd5 Rb1 40. Qc6+ Ke6 41. b6 Rb3 42. g4 hxg4 43. hxg4 g5 44. Qc5 1-0

[Event "Samara Polugaevsky Memorial 8th"]
[Site "Samara"]
[Date "2018.07.15"]
[Round "6"]
[White "Mokshanov, Alexey"]
[Black "Sidorov, Anatoly"]
[Result "1-0"]
[WhiteElo "2430"]
[BlackElo "2302"]
[PlyCount "37"]
[EventDate "2018.07.10"]
[EventType "swiss"]
[EventRounds "9"]
[EventCountry "RUS"]
[SourceTitle "CBM 185 Extra"]
[Source "ChessBase"]
[SourceDate "2018.07.29"]
[SourceVersion "1"]
[SourceVersionDate "2018.07.29"]
[SourceQuality "1"]

1. e4 c5 2. Nf3 e6 3. c3 Nf6 4. e5 Nd5 5. Bc4 b6 6. 0-0 Bb7 7. d4 cxd4 8. cxd4 Be7 9. Bxd5 Bxd5 10. Nc3 Bc4 11. Re1 d5 12. exd6 Qxd6 13. Ne5 Bd5 14. Bf4 Qd8 15. Qa4+ Kf8 16. Nxd5 Qxd5 17. Rac1 Qd8 18. Qb3 Bf6 19. Nxf7 1-0

[Event "Samara Polugaevsky Memorial 7th"]
[Site "Samara"]
[Date "2017.07.13"]
[Round "6"]
[White "Sidorov, Anatoly"]
[Black "Pshmahov, Osman"]
[Result "1-0"]
[WhiteElo "2283"]
[BlackElo "2075"]
[PlyCount "120"]
[EventDate "2017.07.08"]
[EventType "swiss"]
[EventRounds "9"]
[EventCountry "RUS"]
[SourceTitle "EXT 2018"]
[Source "ChessBase"]
[SourceDate "2017.10.13"]
[SourceVersion "1"]
[SourceVersionDate "2017.10.13"]
[SourceQuality "1"]

1. c4 e6 2. Nf3 d5 3. e3 c5 4. d4 Nf6 5. Nc3 a6 6. dxc5 Bxc5 7. a3 0-0 8. b4 Be7 9. Bb2 dxc4 10. Bxc4 b5 11. Bd3 Bb7 12. 0-0 Nbd7 13. Rc1 Rc8 14. Qe2 Qb6 15. e4 Rfd8 16. Nb1 Nf8 17. Nbd2 Ng6 18. g3 Rxc1 19. Rxc1 a5 20. e5 Nd5 21. Bd4 Qa6 22. Bxb5 Qa8 23. bxa5 Qxa5 24. a4 Qa8 25. h4 h5 26. Kh2 Bb4 27. Rc4 Bxd2 28. Nxd2 Nde7 29. Bb6 Rxd2 30. Qxd2 Nxe5 31. Qd8+ Qxd8 32. Bxd8 Nxc4 33. Bxe7 Ne5 34. Kg1 Nc6 35. Bd6 f6 36. Kf1 Kf7 37. Ke1 Nd4 38. Bd3 g5 39. hxg5 fxg5 40. a5 h4 41. a6 Bc6 42. gxh4 gxh4 43. Bf1 Nf3+ 44. Kd1 Ng5 45. Bf4 h3 46. a7 Kg6 47. Bd3+ Kh5 48. Be2+ Nf3 49. Bg3 Kg5 50. Bb5 Bb7 51. Bf1 Kg4 52. Kc1 Nd4 53. Kd2 h2 54. Bxh2 Nf3+ 55. Ke3 Nxh2 56. Bd3 Kh5 57. f3 e5 58. Be4 Nf1+ 59. Kf2 Bxe4 60. fxe4 Nd2 1-0

[Event "Samara Polugaevsky Memorial 6th"]
[Site "Samara"]
[Date "2016.07.04"]
[Round "2"]
[White "Sidorov, Anatoly"]
[Black "Matinian, Nikita"]
[Result "1/2-1/2"]
[WhiteElo "2293"]
[BlackElo "2489"]
[PlyCount "85"]
[EventDate "2016.07.03"]
[EventType "swiss"]
[EventRounds "9"]
[EventCountry "RUS"]
[SourceTitle "CBM 173 Extra"]
[Source "ChessBase"]
[SourceDate "2016.08.29"]
[SourceVersion "1"]
[SourceVersionDate "2016.08.29"]
[SourceQuality "1"]

1. c4 e5 2. Nc3 Nc6 3. g3 f5 4. Bg2 Nf6 5. a3 g6 6. d3 Bg7 7. Bd2 0-0 8. e3 d6 9. Nge2 Ne7 10. Qc2 g5 11. h4 gxh4 12. Rxh4 Ng6 13. Rh1 c6 14. d4 Be6 15. d5 cxd5 16. Nxd5 Rc8 17. Qb3 Bxd5 18. Bxd5+ Nxd5 19. cxd5 Qd7 20. Rc1 Rxc1+ 21. Bxc1 Rc8 22. Bd2 b6 23. f3 e4 24. f4 Qf7 25. Bc3 Ne7 26. Bxg7 Qxg7 27. Kf2 Rc5 28. Nd4 Qf7 29. Rh6 Rxd5 30. Qc4 Kg7 31. Rh1 Ng8 32. b4 Nf6 33. Ke2 a5 34. Kf2 axb4 35. axb4 Qa7 36. Rc1 Kg6 37. Ke2 Qa3 38. Qc3 Qa2+ 39. Qc2 Qa6+ 40. Qc4 Qa4 41. Qc3 Qa6+ 42. Qc4 Qa3 43. Ra1 1/2-1/2

[Event "RUS-chT Seniors final"]
[Site "Sochi"]
[Date "2016.05.10"]
[Round "9.4"]
[White "Sidorov, Anatoly"]
[Black "Sabaev, Evgueni"]
[Result "0-1"]
[WhiteElo "2292"]
[BlackElo "2129"]
[PlyCount "96"]
[EventDate "2016.05.01"]
[EventType "team-tourn"]
[EventRounds "9"]
[EventCountry "RUS"]
[SourceTitle "EXT 2018"]
[Source "ChessBase"]
[SourceDate "2017.10.13"]
[SourceVersion "1"]
[SourceVersionDate "2017.10.13"]
[SourceQuality "1"]
[WhiteTeam "Samara Zhiguli Seniors"]
[BlackTeam "Tatarstan Castle"]
[WhiteTeamCountry "RUS"]
[BlackTeamCountry "RUS"]

1. c4 e5 2. Nc3 Nf6 3. g3 d5 4. cxd5 Nxd5 5. Bg2 Nb6 6. d3 Be7 7. Be3 0-0 8. Rc1 f5 9. a3 f4 10. Bd2 Kh8 11. Qc2 Qe8 12. Ne4 Nc6 13. Nf3 Bg4 14. Bc3 Bd6 15. b4 Nd5 16. Bb2 Nf6 17. Nfd2 Nxe4 18. Nxe4 f3 19. exf3 Bxf3 20. Bxf3 Rxf3 21. Qe2 Rf8 22. 0-0 a6 23. Rc4 Qg6 24. Rfc1 Rae8 25. Rxc6 bxc6 26. Rxc6 Ra8 27. Bc3 Qe8 28. Rc4 Qa4 29. Ng5 Qd7 30. Rh4 h6 31. Bxe5 Bxe5 32. Qxe5 Kg8 33. Ne6 Rf6 34. Re4 Qxd3 35. Nf4 Qd6 36. Qc3 Raf8 37. Qb3+ Kh8 38. Qe3 g5 39. Nd3 Rd8 40. Ne5 Qd1+ 41. Kg2 Qd2 42. Qc5 Qd5 43. Qe3 Re8 44. f3 Rfe6 45. f4 Rxe5 46. fxe5 Rxe5 47. Kf3 g4+ 48. Kf4 Rxe4+ 0-1

[Event "RUS-chT Seniors final"]
[Site "Sochi"]
[Date "2016.05.04"]
[Round "4.2"]
[White "Sidorov, Anatoly"]
[Black "Pozin, Sergey"]
[Result "1/2-1/2"]
[WhiteElo "2292"]
[BlackElo "2332"]
[PlyCount "82"]
[EventDate "2016.05.01"]
[EventType "team-tourn"]
[EventRounds "9"]
[EventCountry "RUS"]
[SourceTitle "EXT 2018"]
[Source "ChessBase"]
[SourceDate "2017.10.13"]
[SourceVersion "1"]
[SourceVersionDate "2017.10.13"]
[SourceQuality "1"]
[WhiteTeam "Samara Zhiguli Seniors"]
[BlackTeam "Khanty Mansiysk Yugra"]
[WhiteTeamCountry "RUS"]
[BlackTeamCountry "RUS"]

1. c4 Nf6 2. Nc3 g6 3. g3 Bg7 4. Bg2 0-0 5. Nf3 d6 6. 0-0 Nc6 7. d3 e5 8. Rb1 Bg4 9. b4 Qd7 10. b5 Nd4 11. Bg5 Rfe8 12. Qd2 Rab8 13. Rfe1 c6 14. a4 Nh5 15. Bh6 Bxf3 16. Bxf3 Nxf3+ 17. exf3 Bh8 18. Kg2 d5 19. bxc6 bxc6 20. cxd5 cxd5 21. Qa2 Rbd8 22. Rec1 e4 23. fxe4 dxe4 24. dxe4 Bxc3 25. Rxc3 Rxe4 26. Rb5 Ng7 27. Qc2 Re1 28. Rc7 Qe6 29. Rc6 Qg4 30. h3 Qd4 31. Rc4 Qa1 32. Bc1 Nf5 33. Rc8 Qf6 34. Rbb8 Ree8 35. Bb2 Qd6 36. Qc3 f6 37. Qb3+ Kg7 38. Rb7+ Re7 39. Rxd8 Qxd8 40. Ba3 Rc7 41. Rb8 Nd4 1/2-1/2

[Event "Samara Polugaevsky Memorial 5th"]
[Site "Samara"]
[Date "2015.07.11"]
[Round "9"]
[White "Sidorov, Anatoly"]
[Black "Saiyn, Zhanat"]
[Result "0-1"]
[WhiteElo "2303"]
[BlackElo "2392"]
[PlyCount "142"]
[EventDate "2015.07.03"]
[EventType "swiss"]
[EventRounds "9"]
[EventCountry "RUS"]
[SourceTitle "EXT 2017"]
[Source "ChessBase"]
[SourceDate "2016.10.25"]
[SourceVersion "1"]
[SourceVersionDate "2016.10.25"]
[SourceQuality "1"]

1. c4 e5 2. Nc3 Nf6 3. g3 d5 4. cxd5 Nxd5 5. Bg2 Nb6 6. Nf3 Nc6 7. d3 Be7 8. a3 0-0 9. 0-0 Be6 10. Rb1 f6 11. b4 a5 12. b5 Nd4 13. Nd2 Qc8 14. e3 Nf5 15. Qc2 a4 16. Nce4 Rd8 17. Re1 Qd7 18. Nc5 Bxc5 19. Qxc5 Rab8 20. Bf1 Nd6 21. Be2 Bd5 22. e4 Be6 23. Rb4 Nf7 24. Bb2 Qd6 25. Qe3 Nd7 26. Rc1 c5 27. Nc4 Bxc4 28. Rbxc4 Qb6 29. Qd2 Qxb5 30. d4 Qb6 31. dxc5 Nxc5 32. Qb4 Qxb4 33. Rxb4 b6 34. Bc4 Kf8 35. Rb1 Ng5 36. Bd5 Nf3+ 37. Kg2 Nd2 38. Re1 b5 39. Bc3 Ndb3 40. Rb1 Rdc8 41. Be1 Ke8 42. Rd1 Na6 43. Rxb3 axb3 44. Bxb3 Nc5 45. Bd5 Nb7 46. Bb4 Nd8 47. Bg8 Nc6 48. Be1 h6 49. h4 Nd4 50. Ba5 Rc2 51. h5 Rbc8 52. Rd3 Re2 53. Bc3 Rxe4 54. Bh7 Re2 55. Bxd4 exd4 56. Rxd4 Re5 57. Bd3 Ra8 58. Be4 Ra7 59. a4 bxa4 60. Bc6+ Ke7 61. Bxa4 Rxh5 62. g4 Re5 63. Kg3 g6 64. f3 Kf7 65. Rc4 Kg7 66. Rb4 h5 67. Rd4 Rg5 68. Kh4 hxg4 69. fxg4 Rga5 70. Bd1 Ra3 71. g5 f5 0-1

[Event "Samara Polugaevsky Memorial 5th"]
[Site "Samara"]
[Date "2015.07.06"]
[Round "4"]
[White "Khusnutdinova, Alsu"]
[Black "Sidorov, Anatoly"]
[Result "0-1"]
[WhiteElo "2059"]
[BlackElo "2303"]
[PlyCount "80"]
[EventDate "2015.07.03"]
[EventType "swiss"]
[EventRounds "9"]
[EventCountry "RUS"]
[SourceTitle "EXT 2017"]
[Source "ChessBase"]
[SourceDate "2016.10.25"]
[SourceVersion "1"]
[SourceVersionDate "2016.10.25"]
[SourceQuality "1"]

1. e4 c5 2. Nf3 Nc6 3. d4 cxd4 4. Nxd4 Qb6 5. Nb3 Nf6 6. Nc3 e6 7. Bd3 a6 8. Be3 Qc7 9. 0-0 b5 10. f4 d6 11. a3 Bb7 12. Qe2 Be7 13. Rae1 h5 14. Kh1 h4 15. Rf3 b4 16. axb4 Nxb4 17. Rh3 d5 18. e5 Ne4 19. Na4 Bc6 20. Nac5 a5 21. Bb5 a4 22. Ra1 0-0 23. Bxc6 Qxc6 24. Nd4 Qxc5 25. Nf5 exf5 26. Bxc5 Bxc5 27. Rf1 g6 28. c3 Nc6 29. Qe1 Kg7 30. Rxh4 a3 31. bxa3 Rxa3 32. g4 Ne7 33. g5 Rxc3 34. Qa1 Ng8 35. Rc1 d4 36. Rxc3 dxc3 37. Kg2 Rd8 38. Rh3 Rd2+ 39. Kf1 c2 40. e6+ Bd4 0-1

[Event "RUS-chT Seniors final"]
[Site "Sochi"]
[Date "2015.05.05"]
[Round "5.2"]
[White "Balashov, Yuri S"]
[Black "Sidorov, Anatoly"]
[Result "1-0"]
[WhiteElo "2443"]
[BlackElo "2301"]
[PlyCount "93"]
[EventDate "2015.05.01"]
[EventType "team-tourn"]
[EventRounds "5"]
[EventCountry "RUS"]
[SourceTitle "EXT 2018"]
[Source "ChessBase"]
[SourceDate "2017.10.13"]
[SourceVersion "1"]
[SourceVersionDate "2017.10.13"]
[SourceQuality "1"]

1. d4 Nf6 2. c4 e6 3. Nf3 b6 4. Nc3 Bb7 5. a3 Be7 6. d5 d6 7. e4 e5 8. Bd3 0-0 9. 0-0 Bc8 10. h3 Nbd7 11. Bc2 h6 12. Be3 Nh7 13. b4 Ng5 14. Nd2 Nh7 15. a4 Bg5 16. Qe2 Bxe3 17. Qxe3 a5 18. bxa5 Nc5 19. axb6 cxb6 20. Nb3 Nxb3 21. Bxb3 Ra5 22. Nb5 Ba6 23. f4 Re8 24. fxe5 Bxb5 25. e6 fxe6 26. cxb5 exd5 27. Bxd5+ Kh8 28. Bc6 Rf8 29. Qd4 Qc7 30. Rxf8+ Nxf8 31. Rd1 Ne6 32. Qxd6 Qxd6 33. Rxd6 Nc5 34. Be8 Kg8 35. Bg6 Kf8 36. Rxb6 Rxa4 37. Rc6 Nd7 38. Bf5 Ne5 39. Re6 Nd3 40. Bg6 Ra8 41. b6 Rb8 42. b7 Nc5 43. Rc6 Nxb7 44. Rb6 Ke7 45. e5 Kd8 46. Be4 Kc7 47. Rxb7+ 1-0

[Event "Samara Polugaevsky Memorial 4th"]
[Site "Samara"]
[Date "2014.07.07"]
[Round "6"]
[White "Sidorov, Anatoly"]
[Black "Ovchinnikov, Vsevolod"]
[Result "0-1"]
[WhiteElo "2319"]
[BlackElo "2147"]
[PlyCount "126"]
[EventDate "2014.07.02"]
[EventType "swiss"]
[EventRounds "9"]
[EventCountry "RUS"]
[SourceTitle "CBM 161 Extra"]
[Source "ChessBase"]
[SourceDate "2014.08.29"]
[SourceVersion "1"]
[SourceVersionDate "2014.08.29"]
[SourceQuality "1"]

1. c4 Nf6 2. Nf3 c5 3. g3 b6 4. Bg2 Bb7 5. Nc3 e6 6. 0-0 Be7 7. Re1 d6 8. e4 a6 9. d4 cxd4 10. Nxd4 Qc7 11. Be3 Nbd7 12. Rc1 Rc8 13. f4 Qb8 14. Qe2 Qa8 15. Bf2 0-0 16. Kh1 Rfe8 17. Nb3 Bf8 18. g4 g6 19. Bg3 e5 20. f5 b5 21. Na5 bxc4 22. g5 Nh5 23. Bh3 Red8 24. Nxb7 Qxb7 25. Bg4 Nxg3+ 26. hxg3 Nb6 27. fxg6 hxg6 28. Bf3 Be7 29. Qe3 Kg7 30. Kg2 Rh8 31. Rcd1 Rb8 32. Bg4 Qc7 33. Rf1 Rb7 34. Rf2 Qd8 35. Qd2 Rh7 36. a4 Qh8 37. Kf3 a5 38. Qc2 Qb8 39. Kg2 Qh8 40. Kf3 Qb8 41. Qd2 Qd8 42. Kg2 Qb8 43. Kf3 Qd8 44. Kg2 Bxg5 45. Qxd6 Qxd6 46. Rxd6 Rh8 47. Rc2 Rd8 48. Rc6 Rd2+ 49. Rxd2 Bxd2 50. Rc5 Bxc3 51. bxc3 Nxa4 52. Rxc4 Rb2+ 53. Kh3 Nb6 54. Rc5 a4 55. Ra5 Rb3 56. Ra6 a3 57. Bd1 Rxc3 58. Rxb6 a2 59. Ra6 Rc1 60. Rxa2 Rxd1 61. Kg4 Rd3 62. Ra7 Re3 63. Ra4 Rxe4+ 0-1

[Event "Volga Region-ch 12th"]
[Site "Togliatti"]
[Date "2014.03.21"]
[Round "8"]
[White "Sidorov, Anatoly"]
[Black "Smirnov, Alexey1111"]
[Result "1-0"]
[WhiteElo "2293"]
[BlackElo "2412"]
[PlyCount "107"]
[EventDate "2014.03.14"]
[EventType "swiss"]
[EventRounds "9"]
[EventCountry "RUS"]
[SourceTitle "CBM 159 Extra"]
[Source "ChessBase"]
[SourceDate "2014.04.24"]
[SourceVersion "1"]
[SourceVersionDate "2014.04.24"]
[SourceQuality "1"]

1. c4 Nf6 2. Nf3 e6 3. Nc3 d5 4. e3 c5 5. cxd5 exd5 6. d4 Nc6 7. Be2 a6 8. b3 cxd4 9. Nxd4 Bb4 10. Bb2 Qa5 11. Rc1 Qxa2 12. 0-0 Qa5 13. Nxc6 bxc6 14. Qd4 0-0 15. Na4 Bd7 16. Nc5 Bxc5 17. Rxc5 Qd8 18. Ra1 Re8 19. Bd3 a5 20. Bc3 h6 21. Rcxa5 Rxa5 22. Rxa5 Qc8 23. f3 Bf5 24. Bf1 Re7 25. b4 Qe6 26. Kf2 Qd6 27. Kg1 Qe6 28. e4 dxe4 29. Bc4 Qd7 30. Qxd7 Bxd7 31. Ra7 exf3 32. gxf3 Kf8 33. Bd4 Re1+ 34. Kf2 Rc1 35. Ra8+ Be8 36. Bc5+ Kg8 37. Bd3 Rxc5 38. bxc5 Kf8 39. Ke3 g6 40. Kd4 Ke7 41. Ra7+ Bd7 42. Bc4 g5 43. Ke5 h5 44. h3 g4 45. fxg4 hxg4 46. h4 g3 47. Bf1 Nd5 48. Bh3 f5 49. Bg2 Nb4 50. h5 Nd3+ 51. Kd4 Nf4 52. Bxc6 g2 53. Rxd7+ Ke6 54. Rd6+ 1-0

[Event "Volga Region-ch 12th"]
[Site "Togliatti"]
[Date "2014.03.20"]
[Round "7"]
[White "Sanzhaev, Darsen"]
[Black "Sidorov, Anatoly"]
[Result "1/2-1/2"]
[WhiteElo "2381"]
[BlackElo "2293"]
[PlyCount "66"]
[EventDate "2014.03.14"]
[EventType "swiss"]
[EventRounds "9"]
[EventCountry "RUS"]
[SourceTitle "CBM 159 Extra"]
[Source "ChessBase"]
[SourceDate "2014.04.24"]
[SourceVersion "1"]
[SourceVersionDate "2014.04.24"]
[SourceQuality "1"]

1. d4 Nf6 2. c4 e6 3. Nc3 Bb4 4. f3 c5 5. d5 Nh5 6. Nh3 f5 7. dxe6 Bxc3+ 8. bxc3 dxe6 9. Qxd8+ Kxd8 10. Nf2 Nc6 11. e4 Ke7 12. Be2 Nf6 13. exf5 exf5 14. Bf4 Be6 15. 0-0-0 Rad8 16. g4 Rxd1+ 17. Rxd1 Rd8 18. Rxd8 Kxd8 19. gxf5 Bxf5 20. Nd3 b6 21. Ne5 Na5 22. h4 Ke7 23. Kd2 Ke6 24. Bd3 Bxd3 25. Kxd3 Nd7 26. Nxd7 Kxd7 27. Bb8 Nc6 28. Bg3 Ke6 29. Ke4 g6 30. Bc7 Na5 31. Bb8 Nc6 32. Bc7 Na5 33. Bb8 Nc6 1/2-1/2

[Event "Volga Region-ch 12th"]
[Site "Togliatti"]
[Date "2014.03.15"]
[Round "2"]
[White "Sidorov, Anatoly"]
[Black "Predke, Alexandr"]
[Result "1/2-1/2"]
[WhiteElo "2293"]
[BlackElo "2491"]
[PlyCount "83"]
[EventDate "2014.03.14"]
[EventType "swiss"]
[EventRounds "9"]
[EventCountry "RUS"]
[SourceTitle "CBM 159 Extra"]
[Source "ChessBase"]
[SourceDate "2014.04.24"]
[SourceVersion "1"]
[SourceVersionDate "2014.04.24"]
[SourceQuality "1"]

1. d4 Nf6 2. c4 e6 3. Bg5 Bb4+ 4. Nd2 h6 5. Bh4 d5 6. e3 c5 7. Ngf3 cxd4 8. exd4 Nc6 9. cxd5 exd5 10. a3 Bxd2+ 11. Qxd2 0-0 12. Be2 Bg4 13. 0-0 Ne4 14. Qf4 Qd7 15. Bg3 Bxf3 16. Bxf3 Nxd4 17. Rad1 Nxf3+ 18. gxf3 Ng5 19. Kh1 Rfe8 20. Bh4 Qh3 21. Bxg5 hxg5 22. Qg3 Qf5 23. Rd4 Re5 24. Rg1 Rae8 25. Rg4 f6 26. h4 R8e6 27. f4 Re1 28. fxg5 R6e4 29. Qb8+ Re8 30. Qg3 R8e4 31. Qb8+ Re8 32. Qg3 Qb1 33. Qf3 Rxg1+ 34. Rxg1 Qe4 35. Kg2 f5 36. Rd1 Re5 37. Qxe4 fxe4 38. Kg3 Kf7 39. Kg4 Ke6 40. h5 e3 41. fxe3 Re4+ 42. Kf3 1/2-1/2

[Event "Samara Polugaevsky Memorial 1st"]
[Site "Samara"]
[Date "2011.07.09"]
[Round "5"]
[White "Zhurikhin, Alexander"]
[Black "Sidorov, Anatoly"]
[Result "1/2-1/2"]
[WhiteElo "2223"]
[BlackElo "2331"]
[PlyCount "47"]
[EventDate "2011.07.05"]
[EventType "swiss"]
[EventRounds "9"]
[EventCountry "RUS"]
[SourceTitle "CBM 143 Extra"]
[Source "ChessBase"]
[SourceDate "2011.08.29"]
[SourceVersion "1"]
[SourceVersionDate "2011.08.29"]
[SourceQuality "1"]

1. Nf3 Nf6 2. c4 e6 3. g3 b6 4. Bg2 Bb7 5. 0-0 c5 6. Nc3 Qc8 7. d4 cxd4 8. Qxd4 Bc5 9. Qf4 0-0 10. b3 Nc6 11. Bb2 Ne7 12. Rac1 Ng6 13. Qd2 Rd8 14. Qc2 Bc6 15. a3 Be7 16. b4 Bb7 17. Qb3 Qc7 18. Nb5 Qb8 19. Rfd1 Ne4 20. Nc3 Nf6 21. Nb5 Ne4 22. Nc3 Nf6 23. Nb5 Ne4 24. Nc3 1/2-1/2

[Event "Samara Polugaevsky Memorial 1st"]
[Site "Samara"]
[Date "2011.07.07"]
[Round "3"]
[White "Zubkov, Alexander"]
[Black "Sidorov, Anatoly"]
[Result "0-1"]
[WhiteElo "2118"]
[BlackElo "2331"]
[PlyCount "65"]
[EventDate "2011.07.05"]
[EventType "swiss"]
[EventRounds "9"]
[EventCountry "RUS"]
[SourceTitle "CBM 143 Extra"]
[Source "ChessBase"]
[SourceDate "2011.08.29"]
[SourceVersion "1"]
[SourceVersionDate "2011.08.29"]
[SourceQuality "1"]

1. e4 c5 2. Nf3 e6 3. c3 Qa5 4. Be2 d6 5. 0-0 Nf6 6. d3 Nbd7 7. Nbd2 Qc7 8. d4 Be7 9. Re1 0-0 10. Bf1 e5 11. dxe5 Nxe5 12. Nxe5 dxe5 13. a4 h6 14. Bc4 Bg4 15. Be2 Be6 16. Bc4 Bg4 17. Be2 Bd7 18. Bb5 Rad8 19. Bxd7 Rxd7 20. Qe2 Rfd8 21. Nc4 Qb8 22. h4 b6 23. g3 a6 24. a5 b5 25. Nb6 Rd6 26. c4 bxc4 27. Nxc4 Rd4 28. f3 Qb5 29. Nxe5 c4 30. Ng4 Nxg4 31. fxg4 Bc5 32. Kg2 Bb4 33. Rf1 0-1

[Event "Privolzhskogo FO-ch"]
[Site "Togliatti"]
[Date "2011.03.17"]
[Round "8"]
[White "Sidorov, Anatoly"]
[Black "Kozionov, Kirill"]
[Result "0-1"]
[WhiteElo "2358"]
[BlackElo "2156"]
[PlyCount "78"]
[EventDate "2011.03.10"]
[EventType "swiss"]
[EventRounds "9"]
[EventCountry "RUS"]
[SourceTitle "CBM 141 Extra"]
[Source "ChessBase"]
[SourceDate "2011.05.03"]
[SourceVersion "1"]
[SourceVersionDate "2011.05.03"]
[SourceQuality "1"]

1. c4 c6 2. Nf3 d5 3. b3 Bg4 4. e3 e6 5. Bb2 Nf6 6. Be2 Nbd7 7. d3 Bd6 8. Nbd2 Qe7 9. a3 e5 10. h3 Bh5 11. g4 Bg6 12. Nh4 0-0-0 13. b4 Ne8 14. Nxg6 hxg6 15. cxd5 cxd5 16. Qb3 Nc7 17. Bf3 Qe6 18. 0-0-0 g5 19. Kb1 Kb8 20. Rc1 f6 21. Qd1 g6 22. Nb3 b6 23. Nd2 f5 24. gxf5 gxf5 25. e4 Nf6 26. Qe2 g4 27. Bg2 fxe4 28. dxe4 gxh3 29. Bf3 d4 30. Rcg1 Rdg8 31. Rg3 Rxg3 32. fxg3 Qg8 33. Nc4 Qe6 34. Rh2 Be7 35. Bc1 Rg8 36. Nxe5 Rxg3 37. Nd3 Nb5 38. Bb2 Qb3 39. Kc1 Rg1+ 0-1

[Event "Privolzhskogo FO-ch"]
[Site "Togliatti"]
[Date "2011.03.12"]
[Round "3"]
[White "Volodin, Ivan"]
[Black "Sidorov, Anatoly"]
[Result "1/2-1/2"]
[WhiteElo "2210"]
[BlackElo "2358"]
[PlyCount "72"]
[EventDate "2011.03.10"]
[EventType "swiss"]
[EventRounds "9"]
[EventCountry "RUS"]
[SourceTitle "CBM 141 Extra"]
[Source "ChessBase"]
[SourceDate "2011.05.03"]
[SourceVersion "1"]
[SourceVersionDate "2011.05.03"]
[SourceQuality "1"]

1. c4 c5 2. Nf3 Nf6 3. Nc3 d6 4. d4 cxd4 5. Nxd4 g6 6. e3 Bg7 7. Be2 0-0 8. 0-0 Nc6 9. b3 Bd7 10. Bb2 a6 11. Qd2 Qa5 12. Rfd1 Rfc8 13. Rac1 Rab8 14. Nxc6 Rxc6 15. a3 Qg5 16. Bf3 Rc7 17. Nd5 Nxd5 18. cxd5 Rbc8 19. Rxc7 Rxc7 20. Bxg7 Kxg7 21. Rc1 Rxc1+ 22. Qxc1 Qe5 23. h3 Bb5 24. a4 Bd3 25. Qc7 b5 26. axb5 axb5 27. b4 h5 28. Qc1 h4 29. Qd2 Bc4 30. e4 e6 31. dxe6 fxe6 32. Qe3 Qa1+ 33. Kh2 Qe5+ 34. Kg1 Qa1+ 35. Kh2 Qe5+ 36. Kg1 Qa1+ 1/2-1/2

[Event "Samara"]
[Site "Samara"]
[Date "2009.12.12"]
[Round "7"]
[White "Natacheev, Peter"]
[Black "Sidorov, Anatoly"]
[Result "1-0"]
[WhiteElo "2191"]
[BlackElo "2379"]
[PlyCount "92"]
[EventDate "2009.12.06"]
[EventType "tourn"]
[EventRounds "9"]
[EventCountry "RUS"]
[EventCategory "1"]
[SourceTitle "CBM 134 Extra"]
[Source "ChessBase"]
[SourceDate "2010.03.03"]
[SourceVersion "1"]
[SourceVersionDate "2010.03.03"]
[SourceQuality "1"]

1. e4 c5 2. f4 Nc6 3. Nf3 g6 4. Be2 Bg7 5. 0-0 d6 6. d3 Nf6 7. c3 0-0 8. h3 Rb8 9. Be3 b5 10. Nbd2 Nd7 11. d4 e6 12. Nb3 c4 13. Nbd2 d5 14. Ne5 Ne7 15. Bf2 Nb6 16. Bh4 Bb7 17. Bf3 f6 18. Ng4 dxe4 19. Bxe4 Nbd5 20. Qe2 Nf5 21. Be1 Re8 22. Bc2 h5 23. Nh2 Nde3 24. Be4 Nxf1 25. Nhxf1 Bxe4 26. Nxe4 e5 27. dxe5 fxe5 28. Rd1 Qe7 29. fxe5 Qxe5 30. Nfd2 Qf4 31. Bf2 Rbd8 32. Re1 Kh8 33. g3 Qc7 34. g4 hxg4 35. hxg4 Nh6 36. Be3 Qc6 37. Qg2 Qd7 38. Bxh6 Bxh6 39. g5 Bg7 40. Re3 Kg8 41. b3 cxb3 42. axb3 a6 43. b4 Qa7 44. Qf2 Rf8 45. Nf6+ Bxf6 46. gxf6 Rde8 1-0

[Event "Samara"]
[Site "Samara"]
[Date "2009.12.08"]
[Round "3"]
[White "Sidorov, Anatoly"]
[Black "Luchkin, Alexander"]
[Result "1-0"]
[WhiteElo "2379"]
[BlackElo "2183"]
[PlyCount "55"]
[EventDate "2009.12.06"]
[EventType "tourn"]
[EventRounds "9"]
[EventCountry "RUS"]
[EventCategory "1"]
[SourceTitle "CBM 134 Extra"]
[Source "ChessBase"]
[SourceDate "2010.03.03"]
[SourceVersion "1"]
[SourceVersionDate "2010.03.03"]
[SourceQuality "1"]

1. c4 e5 2. Nc3 Nf6 3. g3 Bb4 4. Bg2 0-0 5. Nf3 d6 6. 0-0 Nc6 7. d3 h6 8. Ne1 Bxc3 9. bxc3 Be6 10. Nc2 Qd7 11. Rb1 Rab8 12. e4 Bh3 13. Ne3 Ne7 14. f4 Bxg2 15. Kxg2 Nh7 16. f5 Nf6 17. g4 b5 18. h4 bxc4 19. Rxb8 Rxb8 20. g5 Nh7 21. f6 gxf6 22. gxf6 Ng6 23. Nf5 cxd3 24. h5 Qc6 25. Qg4 Qxc3 26. Ne7+ Kh8 27. hxg6 Ng5 28. g7+ 1-0